000 00363nam a2200145Ia 4500
008 230917s9999||||xx |||||||||||||| ||und||
040 _e139073
_aMAIN
041 _aEnglish
082 _a005.1 H15O
100 _aHalladay, Steve
245 0 _aObject oriented software engineering
260 _aNew Delhi
_bPublications
_c1995
300 _a358 p.
942 _cBK
999 _c103881
_d103881